000 00798nam a2200205 i 4500
001 33624
003 ES-MaACL
005 20260130141908.0
007 t|
008 030202m19121916fr ||||1| fre d
100 1 _aBlanchet, Jules-Adrien,
_d1866-1957
_9154513
245 1 0 _aManuel de numismatique française /
_cpar A. Blanchet et A. Dieudonné.
260 _a[S.l. :
_bs.n.,
_c1912-1916] (
_eMaçon :
_fProtat Frères)
300 _a2 v. ;
_c23 cm.
505 8 _aContiene: I. Monnaies frappées en Gaule jusqu'áa Hughes Capet / par A. Blanchet - II. Monnaies royales françaises depuis Hughes Capet / par A. Dieudonné
650 4 _aNumismática-
_zFrancia.
_9154515
700 1 _aDieudonné, Adolphe,
_d1868-1945
_9154514
852 _aES-MaACL
_jF-816-17
999 _c33624
_d33624